| 000 | 00618nam a2200193Ia 4500 | ||
|---|---|---|---|
| 008 | 150223s9999 xx 000 0 und d | ||
| 020 | _a0811838226 | ||
| 050 |
_aRZ 400 _b.H791 1997 |
||
| 100 | _aHope, Jane. | ||
| 245 | 4 |
_aThe secret langauge of the soul : _ba visual key to the spiritual world / _cJane Hope. |
|
| 260 |
_aLondon : _bChronicle Books, _c1997 |
||
| 300 |
_a272 pages : _bColored, Illustration ; _c17 cm. |
||
| 504 | _aIncludes Index. | ||
| 650 | _aBody and Soul. | ||
| 650 | _aNature and the soul. | ||
| 650 | _aSoul and Cosmos | ||
| 650 | _aSoul and transcendence. | ||
| 650 | _aThe Spirit World. | ||
| 999 |
_c283285 _d283285 |
||